Central Library OPAC University of Rajshahi

The learning process and programmed instruction / (Record no. 30405)

MARC details
000 -LEADER
fixed length control field 00650nam a22002291 4500
001 - CONTROL NUMBER
control field 30405
003 - CONTROL NUMBER IDENTIFIER
rucl marc code BD-RjUL
005 - DATE AND TIME OF LATEST TRANSACTION
control field 20211209051547.0
008 - FIXED-LENGTH DATA ELEMENTS--GENERAL INFORMATION
fixed length control field 140409s1962 nyua 000 0 eng
035 ## - SYSTEM CONTROL NUMBER
System control number (BD-RjUL)30490
040 ## - CATALOGING SOURCE
Original cataloging agency DLC
Transcribing agency DLC
Modifying agency BD-RjUL
Language of cataloging eng
041 ## - LANGUAGE CODE
Language code of text/sound track or separate title eng
082 00 - DEWEY DECIMAL CLASSIFICATION NUMBER
Classification number 371.3944
Author mark and year GRL 1962
100 1# - MAIN ENTRY--PERSONAL NAME
Personal name Green, Edward J.,
Dates associated with a name 1924-
9 (RLIN) 92395
245 14 - TITLE STATEMENT
Title The learning process and programmed instruction /
260 ## - PUBLICATION, DISTRIBUTION, ETC. (IMPRINT)
Place of publication, distribution, etc. New York :
Name of publisher, distributor, etc. Holt, Rinehart and Winston ,
Date of publication, distribution, etc. 1962
300 ## - PHYSICAL DESCRIPTION
Pagination 228 p. :
Illustrations illus. ;
Size 22 cm.
650 #0 - SUBJECT ADDED ENTRY--TOPICAL TERM
Topical term or geographic name as entry element Programmed instruction.
9 (RLIN) 92396
942 ## - ADDED ENTRY ELEMENTS (KOHA)
Source of classification or shelving scheme Dewey Decimal Classification
Koha item type Books
Holdings
Lost status Source of classification or shelving scheme Damaged status Not for loan Collection code Permanent Location Current Location Shelving location Date acquired Source of acquisition Cost, normal purchase price Total Checkouts Full call number Date last seen Copy number Koha item type
  Dewey Decimal Classification   Not For Loan Non-fiction Central Library, University of Rajshahi Central Library, University of Rajshahi Reading Room 04/07/1964 zeithinger 32.00   371.3944 GRL 1962 09/04/2014 C-1 Books
  Dewey Decimal Classification     Non-fiction Central Library, University of Rajshahi Central Library, University of Rajshahi Reading Room 02/02/1965 zeithinger 36.00   371.3944 GRL 1962 09/04/2014 C-2 Books